Últimas tendencias del arte de hoy / (Registro nro. 21575)
[ vista simple ]
| 000 -CABECERA | |
|---|---|
| fixed length control field | 00810nam a2200241Ia 4500 |
| 001 - NÚMERO DE CONTROL | |
| control field | UNL14989 |
| 005 - FECHA Y HORA DE LA ULTIMA TRANSACCIÓN | |
| control field | 20260226164335.0 |
| 008 - ELEMENTOS DE LONGITUD FIJA | |
| fixed length control field | 190516s1973||||sp |||||||||||||| ||spa|| |
| 020 ## - ISBN | |
| ISBN | 8433570048 |
| 040 ## - FUENTE DE CATALOGACIÓN | |
| Agencia de catalogación original | UNL |
| Agencia que realiza la modificación | AR-MoUNM |
| 041 ## - CÓDIGO DEL IDIOMA | |
| Código de idioma para texto, pista de sonido o título independiente | spa |
| Código de idioma de la versión original y/o traducciones intermedias del texto | ita |
| 082 04 - NÚMERO DE CLASIFICACIÓN DECIMAL DEWEY (C.D.D.) | |
| Número de la edición | 24.11 |
| Número de la Clasificación Decimal de Dewey (C.D.D.) | 709.04 |
| Número del ítem | DOR 695 |
| 100 1# - ENTRADA PRINCIPAL - NOMBRE DE PERSONA | |
| Nombre personal | Dorfles, Gillo, |
| Fechas asociadas con un nombre | 1910-2018. |
| 9 (RLIN) | 17068 |
| 245 #0 - MENCIÓN DEL TÍTULO | |
| Título | Últimas tendencias del arte de hoy / |
| Mención de responsabiblidad | Gillo Dorfles ; traducción, Fernando Gutiérrez. |
| 250 ## - MENCIÓN DE EDICIÓN | |
| Mención de edición | 4a ed. |
| 260 ## - PUBLICACIÓN, DISTRIBICIÓN, ETC. | |
| Lugar de publicación, distribución, etc. | Barcelona : |
| Nombre del editor, distribuidor, etc. | Labor, |
| Fecha de publicación, distribución, etc. | 1973. |
| 300 ## - DESCRIPCIÓN FÍSICA | |
| Extensión | 206 p. : |
| Otros detalles físicos | il. ; |
| Dimensiones [El subcampo es A para Materiales Mixtos] | 20 cm. |
| 490 0# - MENCIÓN DE SERIE | |
| Mención de Serie | (Nueva colección labor ; |
| Número de volumen / designación secuencial | 26) |
| 500 ## - NOTA GENERAL | |
| Nota general | Título original: Ultime tendenze nell'arte d'oggi. |
| 504 ## - NOTA DE BIBLIOGRAFÍA, ETC. | |
| Nota de bibliografía, etc. | Incluye bibliografía (p. 197-200), e índice. |
| 700 1# - ENTRADA SECUNDARIA - NOMBRE DE PERSONA | |
| Nombre de la persona | Gutiérrez, Fernando, |
| Fechas asociadas con un nombre | 1911-1984. |
| 9 (RLIN) | 27719 |
| Término relacionador | tr. |
| 942 ## - ADDED ENTRY ELEMENTS (KOHA) | |
| Source of classification or shelving scheme | Dewey Decimal Classification |
| Item type | Libros |
| Withdrawn status | Lost status | Source of classification or shelving scheme | Damaged status | Not for loan | Home library | Current library | Date acquired | Source of acquisition | Inventory number | Total Checkouts | Full call number | Barcode | Date last seen | Copy number | Price effective from | Koha item type |
|---|---|---|---|---|---|---|---|---|---|---|---|---|---|---|---|---|
| Dewey Decimal Classification | Colección general | Colección general | 26/02/2026 | Donación Mariana Díaz | 27925 | 709.04 DOR 695 | 27925 | 26/02/2026 | Ej. C | 26/02/2026 | En tránsito |


